Forschung und Prävention der Milizgewalt
| Main Author: | |
|---|---|
| Format: | Print Article |
| Language: | German |
| Published: |
2015
|
| In: |
Prävention braucht Praxis, Politik und Wissenschaft
Year: 2015, Pages: [387]-393 |
| Online Access: |
Volltext (kostenfrei) Volltext (kostenfrei) Volltext (kostenfrei) |
| Check availability: | HBZ Gateway |
| Keywords: |
MARC
| LEADER | 00000caa a2200000 c 4500 | ||
|---|---|---|---|
| 001 | 1504148665 | ||
| 003 | DE-627 | ||
| 005 | 20250612082418.0 | ||
| 007 | tu | ||
| 008 | 150623s2015 xx ||||| 00| ||ger c | ||
| 020 | |a 9783942865364 | ||
| 035 | |a (DE-627)1504148665 | ||
| 035 | |a (DE-576)434148660 | ||
| 035 | |a (DE-599)BSZ434148660 | ||
| 040 | |a DE-627 |b ger |c DE-627 |e rakwb | ||
| 041 | |a ger | ||
| 084 | |a 2,1 |2 ssgn | ||
| 100 | 1 | |a Mošak, Hryhorij Hryhorovyč |e VerfasserIn |0 (DE-588)1234110547 |0 (DE-627)1758984740 |4 aut | |
| 109 | |a Mošak, Hryhorij Hryhorovyč |a Moshak, Grygorii |a Mošak, G. G. |a Mošak, Hryhorij | ||
| 245 | 1 | 0 | |a Forschung und Prävention der Milizgewalt |c Grygorii Moshak |
| 264 | 1 | |c 2015 | |
| 336 | |a Text |b txt |2 rdacontent | ||
| 337 | |a ohne Hilfsmittel zu benutzen |b n |2 rdamedia | ||
| 338 | |a Band |b nc |2 rdacarrier | ||
| 689 | 0 | 0 | |d g |0 (DE-588)4061496-7 |0 (DE-627)104252782 |0 (DE-576)209140046 |a Ukraine |2 gnd |
| 689 | 0 | 1 | |d s |0 (DE-588)4169980-4 |0 (DE-627)105405817 |0 (DE-576)209926678 |a Miliz |2 gnd |
| 689 | 0 | 2 | |d s |0 (DE-588)4157237-3 |0 (DE-627)105502421 |0 (DE-576)209832878 |a Gewalttätigkeit |2 gnd |
| 689 | 0 | 3 | |d s |0 (DE-588)4076308-0 |0 (DE-627)104364106 |0 (DE-576)209201428 |a Prävention |2 gnd |
| 689 | 0 | |5 (DE-627) | |
| 773 | 0 | 8 | |i In |t Prävention braucht Praxis, Politik und Wissenschaft |d Mönchengladbach : Forum Verl. Godesberg, 2015 |g (2015), Seite [387]-393 |h 396 S. |w (DE-627)822150573 |w (DE-576)429721854 |z 9783942865364 |7 nnam |
| 773 | 1 | 8 | |g year:2015 |g pages:[387]-393 |
| 776 | 1 | |o 10.15496/publikation-107817 | |
| 856 | 4 | 1 | |u http://hdl.handle.net/10900/166490 |x Resolving-System |z kostenfrei |3 Volltext |7 0 |
| 856 | 4 | 1 | |u https://doi.org/10.15496/publikation-107817 |x Resolving-System |z kostenfrei |3 Volltext |7 0 |
| 856 | 4 | 1 | |u http://nbn-resolving.org/urn:nbn:de:bsz:21-dspace-1664909 |x Resolving-System |z kostenfrei |3 Volltext |7 0 |
| 951 | |a AR | ||
| ELC | |b 1 | ||
| LOK | |0 000 xxxxxcx a22 zn 4500 | ||
| LOK | |0 001 2846953074 | ||
| LOK | |0 003 DE-627 | ||
| LOK | |0 004 1504148665 | ||
| LOK | |0 005 20260219075404 | ||
| LOK | |0 008 150623||||||||||||||||ger||||||| | ||
| LOK | |0 040 |a DE-21-110 |c DE-627 |d DE-21-110 | ||
| LOK | |0 689 |a s |a Prävention | ||
| LOK | |0 689 |a s |a Gewalt | ||
| LOK | |0 689 |a s |a Miliz | ||
| LOK | |0 689 |a s |a Bevölkerungsbefragung | ||
| LOK | |0 689 |a g |a Ukraine | ||
| LOK | |0 689 |a g |a Deutschland | ||
| LOK | |0 852 |a DE-21-110 | ||
| LOK | |0 852 1 |m p |9 00 | ||
| LOK | |0 938 |k p | ||
| LOK | |0 939 |a 23-06-15 |b l01 | ||
| OAS | |a 1 | ||
| ORI | |a WA-MARC-krimdoka001.raw | ||
| TIM | |a 100019911201_100020261231 |b 1991-12-01 - 2026 | ||
